Glosario de třminos siderr͠gicos
La intencin̤ de este glosario es que constituya un elemento valioso para los nef̤itos en la industria siderr͠gica. Este documento compila ml͠tiples třminos de la industria siderr͠gica.
Guardat en:
| Altres autors: | |
|---|---|
| Format: | Llibre |
| Idioma: | llengües vàries |
| Matèries: | |
| Accés en línia: | Glosario de třminos siderr͠gicos |
| Etiquetes: |
Afegir etiqueta
Sense etiquetes, Sigues el primer a etiquetar aquest registre!
|
MARC
| LEADER | 00000nam a22000004a 4500 | ||
|---|---|---|---|
| 001 | vpro2973 | ||
| 005 | 20201223000000.0 | ||
| 008 | 120907s2011 ck # g## #001 0#mul#d | ||
| 020 | |||
| 022 | |||
| 040 | |a CO-BoINGC | ||
| 041 | 0 | |a mul | |
| 245 | 1 | 0 | |a Glosario de třminos siderr͠gicos |
| 246 | |a Glossary of terms : steel Industry | ||
| 264 | |a Bogot ̀(Colombia) : |b Revista VirtualPRO, |c 2011 | ||
| 520 | 3 | |a La intencin̤ de este glosario es que constituya un elemento valioso para los nef̤itos en la industria siderr͠gica. Este documento compila ml͠tiples třminos de la industria siderr͠gica. | |
| 650 | \ | \ | |a Fabricacin̤ de acero |
| 650 | \ | \ | |a Tecnologa̕ metalr͠gica |
| 650 | \ | \ | |a Industria siderurgica |
| 650 | \ | \ | |a Steel making |
| 650 | \ | \ | |a Metallurgical technology |
| 650 | \ | \ | |a Iron industry and trade |
| 650 | \ | \ | |a Siderurgia |
| 650 | \ | \ | |a Acero |
| 650 | \ | \ | |a Glosario |
| 650 | \ | \ | |a Třminos siderr͠gicos |
| 650 | \ | \ | |a Steel industry |
| 650 | \ | \ | |a Steel |
| 650 | \ | \ | |a Glossary |
| 650 | \ | \ | |a Steel making terms |
| 700 | \ | \ | |a Grupo CAP S.A. |
| 856 | |z Glosario de třminos siderr͠gicos |u https://virtualpro.unach.elogim.com/biblioteca/glosario-de-terminos-siderurgicos | ||